Sports Quiz

Random Sports Quiz

Green Bay Packers in the Hall of Fame Quiz Stats

 Plays Quiz not verified by Sporcle

Also try: AHL Team Nicknames
Challenge
Share
Tweet
Embed
Score 0/29 Timer 10:00
0 Plays Today
Years Active Name % Correct
1992-2007Brett Favre
100%
1959-1967Vince Lombardi
95.2%
1956-1971Bart Starr
90.5%
1993-1998Reggie White
90.5%
1919-1949Curly Lambeau
85.7%
1978-1986James Lofton
81%
1957-1962, 1964-1966Paul Hornung
76.2%
1935-1945Don Hutson
76.2%
1958-1966Jim Taylor
76.2%
1958-1972Ray Nitschke
71.4%
1960-1969Willie Davis
61.9%
1960-1971Willie Wood
61.9%
1956, 1958-1970Forrest Gregg
57.1%
1980-1983Jan Stenerud
57.1%
1961-1969Herb Adderley
52.4%
Years Active Name % Correct
1953-1963Jim Ringo
47.6%
1963-1972Dave Robinson
47.6%
1991-2001Ron Wolf
47.6%
1941-1944, 1946-1952Tony Canadeo
38.1%
1974Ted Hendricks
38.1%
1959-1969Henry Jordan
38.1%
1930-1940Arnie Herber
33.3%
1959-1961Emlen Tunnell
28.6%
1929-1933, 1935-1936John McNally
23.8%
1932-1941Clark Hinkle
19%
1929-1933, 1935Robert Hubbard
14.3%
1929-1935, 1937Mike Michalske
14.3%
1958Len Ford
9.5%
1935-1936Walt Kiesling
9.5%

You're not logged in!

Compare scores with friends on all Sporcle quizzes.
Join for Free
OR
Log In

You Might Also Like...

Show Comments

Extras

Top Quizzes Today


Score Distribution

Your Account Isn't Verified!

In order to create a playlist on Sporcle, you need to verify the email address you used during registration. Go to your Sporcle Settings to finish the process.

Report this User

Report this user for behavior that violates our Community Guidelines.

Details: